00362 2200157 4500245003300000020002200033250001100055100001800066650001600084005001900100260003100119041001400150084000800164300002300172336000900195 aGalaksicPoppi PertiwihText a978-602-5508-45-5 aCet. 4 aPoppi Pertiwi aNovel Fiksi a20230109121137 aDepokbCoconut Booksc2019 aIndonesia a813 a492 hlm. :cillus. atext